000 00320 a2200109 4500
001 ART_44609
005 20260410161953.0
008 260409a
245 1 0 _aElo grupí en los remates
100 1 _aChiappini, Julio O.
773 0 _tTemas de derecho comercial
_g- Año 3, Nº 11 (nov. 2017)
_wREV28151
999 _c30566
_d30566